Central Library OPAC University of Rajshahi

Noncommutative rings / (Record no. 6877)

MARC details
000 -LEADER
fixed length control field 00770nam a2200241 a 4500
001 - CONTROL NUMBER
control field 6877
003 - CONTROL NUMBER IDENTIFIER
rucl marc code BD-RjUL
005 - DATE AND TIME OF LATEST TRANSACTION
control field 20211208234329.0
008 - FIXED-LENGTH DATA ELEMENTS--GENERAL INFORMATION
fixed length control field 160827r19711968nyu b 001 0 eng
035 ## - SYSTEM CONTROL NUMBER
System control number (BD-RjUL)6919
040 ## - CATALOGING SOURCE
Original cataloging agency DLC
Transcribing agency DLC
Modifying agency DLC
-- BD-RjUL
Language of cataloging eng
041 ## - LANGUAGE CODE
Language code of text/sound track or separate title eng
082 00 - DEWEY DECIMAL CLASSIFICATION NUMBER
Edition number 23
Classification number 512.4
Author mark and year HEN 1971
100 1# - MAIN ENTRY--PERSONAL NAME
Personal name Herstein, I. N.
9 (RLIN) 21597
245 10 - TITLE STATEMENT
Title Noncommutative rings /
Statement of responsibility, etc. by I. N. Herstein.
260 ## - PUBLICATION, DISTRIBUTION, ETC. (IMPRINT)
Place of publication, distribution, etc. Buffalo :
Name of publisher, distributor, etc. Mathematical Association of America; distributed by J. Wiley,
Date of publication, distribution, etc. c1968 [Printing 1971]
300 ## - PHYSICAL DESCRIPTION
Pagination xi, 199 p. ;
Size 20 cm.
504 ## - BIBLIOGRAPHY, ETC. NOTE
Bibliography, etc Includes bibliographies and indexes.
650 #0 - SUBJECT ADDED ENTRY--TOPICAL TERM
Topical term or geographic name as entry element Noncommutative rings.
9 (RLIN) 21599
Topical term or geographic name as entry element Rings, Algebra
9 (RLIN) 151473
942 ## - ADDED ENTRY ELEMENTS (KOHA)
Source of classification or shelving scheme Dewey Decimal Classification
Koha item type Books
Holdings
Lost status Source of classification or shelving scheme Damaged status Not for loan Collection code Permanent Location Current Location Shelving location Date acquired Source of acquisition Total Checkouts Full call number Date last seen Copy number Koha item type Cost, normal purchase price
  Dewey Decimal Classification     Non-fiction Central Library, University of Rajshahi Central Library, University of Rajshahi   15/11/1973 U. S. Govt. Gift   512.4 HEN 1971 12/01/2014 C-9 Books  
  Dewey Decimal Classification     Non-fiction Central Library, University of Rajshahi Central Library, University of Rajshahi   15/11/1973 U. S. Govt.   512.4 HEN 1971 27/08/2016 C-2 Books  
  Dewey Decimal Classification     Non-fiction Central Library, University of Rajshahi Central Library, University of Rajshahi   15/11/1973 U. S. Govt.   512.4 HEN 1971 27/08/2016 C-3 Books  
  Dewey Decimal Classification     Non-fiction Central Library, University of Rajshahi Central Library, University of Rajshahi   15/11/1973 U. S. Govt.   512.4 HEN 1971 27/08/2016 C-4 Books  
  Dewey Decimal Classification     Non-fiction Central Library, University of Rajshahi Central Library, University of Rajshahi   15/11/1973 U. S. Govt.   512.4 HEN 1971 27/08/2016 C-5 Books  
  Dewey Decimal Classification     Non-fiction Central Library, University of Rajshahi Central Library, University of Rajshahi   15/11/1973 U. S. Govt.   512.4 HEN 1971 27/08/2016 C-6 Books  
  Dewey Decimal Classification     Non-fiction Central Library, University of Rajshahi Central Library, University of Rajshahi   15/11/1973 U. S. Govt.   512.4 HEN 1971 27/08/2016 C-7 Books  
  Dewey Decimal Classification     Non-fiction Central Library, University of Rajshahi Central Library, University of Rajshahi   15/11/1973 U. S. Govt.   512.4 HEN 1971 27/08/2016 C-8 Books  
  Dewey Decimal Classification   Not For Loan Non-fiction Central Library, University of Rajshahi Central Library, University of Rajshahi Reading Room 15/11/1973 U. S. Govt.   512.4 HEN 1971 16/04/2017 C-1 Books 0.00